| 000 | 00578cam a2200193 i 4500 | ||
|---|---|---|---|
| 020 |
_a0891583610 : _a0891583629 |
||
| 040 | _cDLC | ||
| 082 | 0 | 0 | _a338 RIC 1979 C077 Or. |
| 100 | 1 | _aChandler, Robert F. | |
| 245 | 1 | 0 |
_aRice in the tropics : _ba guide to the development of national programs / |
| 260 |
_aBoulder, Colo. : _bWestview Press, _c1979. |
||
| 300 |
_axix, 256 p. : _bill. ; _c24 cm. |
||
| 490 | 1 | _aIADS development-oriented literature series | |
| 500 | _aIncludes index. | ||
| 650 | 0 | _aRice. | |
| 650 | 0 | _aAgriculture and state. | |
| 650 | 0 | _aRice | |
| 942 | _cAEDBB | ||
| 999 |
_c21380 _d21380 |
||